Vista normal
Vista MARC
Entrada Personal Name
Número de registros utilizados en: 2
001 - CONTROL NUMBER
- control field: 65694
003 - CONTROL NUMBER IDENTIFIER
- control field: OSt
005 - DATE AND TIME OF LATEST TRANSACTION
- control field: 20251016195849.0
008 - FIXED-LENGTH DATA ELEMENTS
- fixed length control field: 251016|| aca||aabn | a|a d
040 ## - CATALOGING SOURCE
- Original cataloging agency: OSt
- Transcribing agency: OSt
100 ## - HEADING--PERSONAL NAME
- Personal name: Carvajal Hurtado, Lizardo
670 ## - SOURCE DATA FOUND
- Source citation: Work cat.: (OSt)59478: Carvajal Hurtado, Vera Andrea 1972- aut 65692, Érase una mujer /